000 00664nam a2200277Ia 4500
005 20260324132507.0
008 008 260324s9999 xx 000 0 eng d
020 _a9781410611512
037 _aEBOOK
040 _aCRL
040 _beng
040 _cCRL
041 _2eng
041 _aeng
084 _qCRL
100 _aLaura Stafford
_91189498
245 0 _aMaintaining Long-Distance and Cross-Residential Relationships
260 _bTaylor and Francis
260 _c2004
365 _a
365 _b220
856 _uhttp://www.taylorfrancis.com/books/9781410611512
942 _cEBOOK
999 _c1787656
_d1787656